Public expenditure on health

Enregistré dans:
Détails bibliographiques
Collectivité auteur: Organization for economic co-operation and development
Format: Livre
Langue:Undetermined
Publié: Paris Despenses publiques de sante 1977
Sujets:
Tags: Ajouter un tag
Pas de tags, Soyez le premier à ajouter un tag!
Thư viện lưu trữ: Trung tâm Học liệu Trường Đại học Cần Thơ
LEADER 00528nam a2200181Ia 4500
001 CTU_80372
008 210402s9999 xx 000 0 und d
082 |a 306.461 
082 |b O.68 
110 |a Organization for economic co-operation and development 
245 0 |a Public expenditure on health 
245 0 |c OECD 
260 |a Paris 
260 |b Despenses publiques de sante 
260 |c 1977 
650 |a Public expenditure,Medicine 
904 |i Trọng Hải 
980 |a Trung tâm Học liệu Trường Đại học Cần Thơ